LEADER 01227nam0M2200385--I450- 001 990003466010203316 005 20101109091309.0 010 $a978-88-343-1436-4 035 $a000346601 035 $aUSA01000346601 035 $a(ALEPH)000346601USA01 035 $a000346601 100 $a20101109d2008----||itac50 ba 101 $aita 102 $aIT 105 $a||||||||001yy 200 1 $aPrima del prossimo attacco$epreservare le liberta civili in un'era di terrorismo globale$fBruce Ackerman$gprefazione di Roberto Bin 210 $aMilano$cV&P$d2008 215 $a257 p.$d22 cm 225 0 $aRelazioni internazionali e scienza politica$fASERI$v25 300 $aTrad. di Alessandro Quarenghi 410 1$1001IT$12001$aRelazioni internazionali e scienza politica$fASERI$v25 461 1$1001-------$12001 606 0 $aStoria contemporanea$z1945-2010$2BNCF 676 $a909.6 700 1$aACKERMAN,$bBruce A.$0123194 702 1$aBIN,$bRoberto 801 0$aIT$bICCU$gISBD$c20101003 912 $a990003466010203316 951 $a909.6ACK$b15815 DSSP 959 $aBK 969 $aDSSP 979 $aDSSP2$b10$c20101109$lUSA01$h0913 996 $aPrima del prossimo attacco$91111891 997 $aUNISA LEADER 01053nam a2200289 i 4500 001 991000395209707536 005 20020503180015.0 008 940510s1987 us ||| | eng 020 $a0471911739 035 $ab10071283-39ule_inst 035 $aLE02515245$9ExL 040 $aFac. Economia$bita 082 0 $a519.2 100 1 $aAsmussen, Soren$0460377 245 10$aApplied probability and queues /$cSoren Asmussen 260 $aChichester ; New York [etc.] :$bWiley,$cc1987 300 $ax, 318 p. ;$c24 cm 490 0 $aWiley series in probability and mathematical statistics.$pApplied probability and statistics 650 4$aProcessi di Markov 650 4$aProcesso stocastico 650 4$aTeoria delle code 907 $a.b10071283$b17-02-17$c27-06-02 912 $a991000395209707536 945 $aLE025 ECO 519 ASM01.01$g1$i2025000017863$lle025$o-$pE0.00$q-$rl$s- $t0$u0$v0$w0$x0$y.i10080326$z27-06-02 996 $aApplied probability and queues$9194935 997 $aUNISALENTO 998 $ale025$b01-01-94$cm$da $e-$feng$gus $h0$i1